Celebrities Venn Diagram III Quiz Stats

 Plays Quiz Updated Dec 12, 2018

Score 0/8 Timer 02:00
19 Plays Today
% Correct
Chris Hemsworth
89.1%
George Michael
75.1%
Sia
72.8%
Simon Baker
68.4%
Michael Jackson
67.7%
Keith Urban
55.6%
Tilda Swinton
50.4%
James Cameron
43.8%

You're not logged in!

Compare scores with friends on all Sporcle quizzes.
OR
Log In

Show Comments

Extras

Top Quizzes Today


Score Distribution

Your Account Isn't Verified!

In order to create a playlist on Sporcle, you need to verify the email address you used during registration. Go to your Sporcle Settings to finish the process.

Report this User

Report this user for behavior that violates our Community Guidelines.

Details: